| 000 | 02110nab a2200289 i 4500 | ||
|---|---|---|---|
| 003 | BR-BrBNA | ||
| 005 | 20250327154324.0 | ||
| 008 | 250327b2017 bl.|r|pooa||| 00| 0 eng | | ||
| 040 |
_aBR-BrBNA _beng |
||
| 072 |
_aL73 _b5400 |
||
| 072 | _aL70 | ||
| 100 | _aNowosh, V. | ||
| 100 | _aMacieira, D.B. | ||
| 100 | _aAlencar, N.X. | ||
| 245 | _aApplicability of PCR-based clonality assay in dogs with multicentric lymphoma | ||
| 500 | _a Publicação online; 12 ref.; Summary (Pt) | ||
| 520 | _a RESUMO - Linfoma multicêntrico apresenta alta prevalência dentre as neoplasias em cães, e o diagnóstico rotineiro não é eficaz para avaliação de prognóstico. A PCR para rearranjos de receptores de antígeno (PRRA) apresenta potencial para classificação e estadiamento de linfomas. Este trabalho objetiva relatar o desenvolvimento de um protocolo de PRRA para aplicação em cães, baseando-se em condições e primers descritos na literatura. Foram coletados aspirados de linfonodo de 10 cães com linfoma multicêntrico e 15 lâminas de linfonodo positivas para linfoma já secas ao ar, fixadas e coradas. O protocolo utilizado demonstrou-se eficaz na amplificação de DNA das amostras frescas e das lâminas, com sensibilidade de 75%, similar à de estudos anteriores. Resultados parciais sugerem prevalência de linfomas de células B (60%) sobre células T (40%). O presente estudo abre precedentes para uma série de novos estudos com diagnóstico molecular de linfomas. Palavras-chave: receptor IgH, diagnóstico molecular, ensaio de PRRA, receptor TCR-gama | ||
| 650 | _aCÃO | ||
| 650 | _aDIAGNÓSTICO | ||
| 650 | _aLINFOMA | ||
| 650 | _aNEOPLASIA | ||
| 650 | _aVETERINÁRIA | ||
| 773 | 0 |
_01643 _9349324 _dBelo Horizonte-MG Universidade Federal de Minas Gerais - Escola de Veterinaria 1983 _o2025-1843 _tArquivo Brasileiro de Medicina Veterinária e Zootecnia (Brazil) _x0102-0935 _gv. 69(3) p. 761-765; (2017) _wBR2025000404 |
|
| 856 | _uhttps://www.scielo.br/j/abmvz/a/sTnczXfqwRK9td8pvx8hMHH/?format=pdf&lang=en | ||
| 942 | _cANA | ||
| 999 |
_c330713 _d330713 |
||